Regulacin̤ jurd̕ica de los tratamientos de datos personales realizados por el sector privado en Internet

Detalles Bibliográficos
Autor principal: Corripio Gil-Delgado, Mara̕ de los Reyes
Formato: Desconocido
Lenguaje:español
Publicado: [Barcelona] : VLex, 2001
Materias:
Acceso en línea:Acceso restringido

MARC

LEADER 00000ny a22000003n 4500
005 20110530130653.0
008 010314s2001 sp s 000 0 spa c
035 |a 46 
040 |a UMA.DER  |d vLex 
080 |a 342.738:681.3 
080 |a 681.3:342.738 
090 |c 355  |d 355 
100 1 |a Corripio Gil-Delgado, Mara̕ de los Reyes 
245 1 0 |a Regulacin̤ jurd̕ica de los tratamientos de datos personales realizados por el sector privado en Internet  |h [Recurso electrn̤ico]  |c Mara̕ de los Reyes Corripio Gil-Delgado 
256 |a Servicio en ln̕ea. 
260 |a [Barcelona] :  |b VLex,  |c 2001 
506 1 |a Contenido solo disponible en los productos indicados  |d vLex Global  |d vLex Global (Academic Edition, excluding Law Schools)  |d vLex Global (U.S. Academic Edition, Law Schools)  |d vLex Global (U.S. Academic Edition, excluding Law Schools)  |d vLex Global (Academic Edition, Law Schools) 
650 0 7 |a Derecho a la vida privada  |2 Tesauro vLex 
650 0 7 |a Proteccin̤ de la informacin̤ (Informt̀ica)  |2 Tesauro vLex 
740 0 |a vLex Libros (Servicios en ln̕ea) 
856 4 0 |z Acceso restringido  |u http://vlex.com/source/regulacion-juridica-tratamiento-datos-personales-46 
942 |c BOOK 
999 0 |a Privacy, Right of  |b Barcelona